00600nam a22001697a 4500999001900000010001300019020002600032037001500058100002100073245010200094250001200196260005000208270004700258300002000305500008800325942001700413 c182075d182075 aEN230921 a9789389176353c295.00 bOak Bridge aRajagopalan's, R aCase Studies in:bEthics, Integrity & Aptitude for civil services Main examination /cbyOakBridge aSec Edi aGurugrambOakBridge publishing pvt. Ltdc2019 aM 35, Ist Floor, Old DlfbGurugrame122001 a278pc23cm(pbk) a113 Real life case studies solved previous year's papers answer-writing methodology 2ddccENmRAJ